000 02028cam a22005294i 4500
003 PE-LiUPU
005 20250731180104.0
008 150617s r 000 0 d
020 _a8428311994
035 _a(Sirsi) i9788428311991
040 _aPE-LiUPU
_bspa
_cPE-LiUPU
_erda
049 _aPRUA
082 0 4 _a510
_bD24
_221
100 1 _aDanko, P.,
_eautor.
245 1 0 _aEjercicios y problemas de matemáticas superiores :
_banalítica plana, analítica del espacio, álgebra lineal, cálculo diferencial, cálculo integral /
_cP. Danko.
264 1 _aMadrid :
_bParaninfo,
_c1982.
300 _a459 páginas ;
_c22 centímetros
336 _atext
_2rdacontent
337 _aunmediated
_2rdamedia
338 _avolume
_2rdacarrier
505 0 _aGeometría analítica plana -- Algebra vectorial -- Geometría anlítica del espacio -- Elementos de álgebra lineal -- Introducción a análisis -- Cálculo diferencial de funciones de una variable independiente -- Cálculo diferencial de las funciones de varias variables independientes -- Integrales indefinidas -- Integrales definidas -- Alguna nociones sobre funciones hiperbólicas.
526 _aSEG44
526 _aSEG26
526 _aP159
526 _aP155
526 _aP154
526 _aP153
526 _aP150
526 _aP100
526 _aP31
526 _aP30
526 _aP26
526 _aP25
526 _aP24
526 _aP22
526 _aP15
526 _aP10
650 0 4 _aMatemáticas
_xProblemas, ejercicios, etc.
700 1 _aPopov, A.,
_eautor.
910 _ajck
_bjvq
_cjck
_d20150616
942 _2ddc
_cBOOK
949 _a510 D24
_wDEWEY
_c1
_i23666
_lCCODEBUL1
_mBUL
_r0
_sY
_tBOOK
_u2015-6-17
_xEDUCACION
_zUNKNOWN
_0COMPRA
_o.STAFF. Colección General
994 _aC0
_bPEPRU
596 _a1
999 _a510 D24
_wDEWEY
_c19245
_i23666
_f2021-11-5
_g5
_lCCODEBUL1
_mBUL
_r0
_sN
_tBOOK
_u2015-6-17
_xBIBLIOTECA
_zUNKNOWN
_0COMPRA
_o.STAFF. Colección General
_d19245
980 _81
_gALBERTO SANCHEZ Responsable de Automatización